Engaging the culture, changing the world : (Record no. 9688)
[ view plain ]
| 000 -LEADER | |
|---|---|
| fixed length control field | 00855nam a22002412 4500 |
| 001 - CONTROL NUMBER | |
| control field | 0000021474 |
| 005 - DATE AND TIME OF LATEST TRANSACTION | |
| control field | 20151217152232.0 |
| 008 - FIXED-LENGTH DATA ELEMENTS--GENERAL INFORMATION | |
| fixed length control field | 120525s xx 000 0 eng d |
| 020 ## - INTERNATIONAL STANDARD BOOK NUMBER | |
| International Standard Book Number | 0830839292 : |
| 040 ## - CATALOGING SOURCE | |
| Original cataloging agency | KABU |
| Transcribing agency | KABU |
| 100 1# - MAIN ENTRY--PERSONAL NAME | |
| Personal name | Eaton, Philip W. |
| -- | 0000182370 |
| 245 10 - TITLE STATEMENT | |
| Title | Engaging the culture, changing the world : |
| Remainder of title | the Christian university in a post-Christian world / |
| Statement of responsibility, etc. | Philip W. Eaton. |
| 250 ## - EDITION STATEMENT | |
| Edition statement | 1st ed. |
| 260 ## - PUBLICATION, DISTRIBUTION, ETC. (IMPRINT) | |
| Place of publication, distribution, etc. | Downers Grove, IL : |
| Name of publisher, distributor, etc. | InterVersity Press, |
| Date of publication, distribution, etc. | 2011. |
| 300 ## - PHYSICAL DESCRIPTION | |
| Extent | 206 p. |
| 650 #0 - SUBJECT ADDED ENTRY--TOPICAL TERM | |
| Topical term or geographic name as entry element | Education ( Christian theology) |
| -- | 0000178512 |
| 650 #0 - SUBJECT ADDED ENTRY--TOPICAL TERM | |
| Topical term or geographic name as entry element | Education |
| General subdivision | Philosophy. |
| -- | 0000002605 |
| 650 #0 - SUBJECT ADDED ENTRY--TOPICAL TERM | |
| Topical term or geographic name as entry element | Teaching |
| General subdivision | Religious aspects |
| -- | Christianity. |
| -- | 0000182371 |
| 650 #0 - SUBJECT ADDED ENTRY--TOPICAL TERM | |
| Topical term or geographic name as entry element | Universities and colleges. |
| -- | 0000182372 |
| 852 1# - LOCATION | |
| -- | p1960 KES |
| 908 ## - PUT COMMAND PARAMETER (RLIN) | |
| Put command parameter | 120525 |
| 950 ## - LOCAL HOLDINGS (RLIN) | |
| -- | 1 |
| Withdrawn status | Lost status | Source of classification or shelving scheme | Not for loan | Home library | Current library | Date acquired | Total Checkouts | Full call number | Barcode | Date last seen | Price effective from | Koha item type |
|---|---|---|---|---|---|---|---|---|---|---|---|---|
| Library of Congress Classification | Kabarak, Main Campus | Kabarak, Main Campus | 17/12/2015 | BT738.17 .E28 2011 c. 1 | 013101 | 02/08/2024 | 17/12/2015 | General Collection |